Misteri gua mengaung

Bibliographic Details
Main Author: Badrul Hisham
Corporate Author: Title
Format: Book
Published: Kuala Lumpur : Penerbitan Fargoes , 2001
Series:Siri 3 penyiasat
Subjects:

MARC

LEADER 00000cam a2200000 7i4500
001 0000002645
005 20151222.0
008 070713
020 |a 983151386X 
090 0 0 |a JF   |b AD MAL (3542) 
100 0 |a Badrul Hisham 
245 1 0 |a Misteri gua mengaung   |c Badrul Hisham 
260 |a Kuala Lumpur :   |b Penerbitan Fargoes ,   |c 2001 
440 |a Siri 3 penyiasat 
500 |a Children ages 7-9 years old (orange) 
650 0 |a Adventure 
650 0 |a Junior fiction   |x Malay   |x Languages 
710 0 |a Title 
999 |a 0000867428   |b Book   |c Children Collection   |e Cawangan Segamat 
999 |a 0000867429   |b Book   |c Children Collection   |e Cawangan Segamat 
999 |a 0000881621   |b Book   |c Children Collection   |e Cawangan Segamat 
999 |a 0000881622   |b Book   |c Children Collection   |e Cawangan Pontian 
999 |a 0000881623   |b Book   |c Children Collection   |e Cawangan Taman Universiti 
999 |a 0000881624   |b Book   |c Children Collection   |e Cawangan Bandar Penawar 
999 |a 0000968964   |b Book   |c Children Collection   |e Perbadanan Perpustakaan Awam Johor 
999 |a 0000968965   |b Book   |c Children Collection   |e Cawangan Bandar Penawar 
999 |a 0000968966   |b Book   |c Children Collection   |e Cawangan Mersing 
999 |a 0000968967   |b Book   |c Children Collection   |e Cawangan Bandar Penawar